| 000 | 00637nam a22001817a 4500 | ||
|---|---|---|---|
| 999 |
_c592 _d592 |
||
| 005 | 20190830124038.0 | ||
| 008 | 190830b ||||| |||| 00| 0 eng d | ||
| 020 | _a9781841468303 | ||
| 040 | _cKH8 | ||
| 082 | _a448 PAR | ||
| 245 |
_aKey stage three French : _bThe study guide / _ccontributors: James Paul Wallis, Nadia Waller, Chris Dennett, Simon Little, Becky May, Claire Thompson, Chrissy Williams. |
||
| 246 | _aKS3 French | ||
| 260 |
_a[Broughton-in-Furness] : _bCGP, _c2011. |
||
| 300 |
_a76 pages : _billustrations : _c30 cm. |
||
| 440 | _aCGP | ||
| 650 |
_aFrench language _vStudy and teaching (Secondary) |
||
| 942 |
_2ddc _cNFIC |
||